Central Library OPAC University of Rajshahi

The Soviet Union : (Record no. 13635)

MARC details
000 -LEADER
fixed length control field 01437cam a22003377a 4500
001 - CONTROL NUMBER
control field 13635
003 - CONTROL NUMBER IDENTIFIER
rucl marc code BD-RjUL
005 - DATE AND TIME OF LATEST TRANSACTION
control field 20211208235504.0
008 - FIXED-LENGTH DATA ELEMENTS--GENERAL INFORMATION
fixed length control field 140201s2009 enkab b 001 0 eng d
020 ## - INTERNATIONAL STANDARD BOOK NUMBER
International Standard Book Number 9780199238484
International Standard Book Number 0199238480
035 ## - SYSTEM CONTROL NUMBER
System control number (BD-RjUL)13687
040 ## - CATALOGING SOURCE
Original cataloging agency BTCTA
Transcribing agency BD-RjUL
Modifying agency BD-RjUL
-- NLE
-- DLC
Language of cataloging eng
041 ## - LANGUAGE CODE
Language code of text/sound track or separate title eng
082 04 - DEWEY DECIMAL CLASSIFICATION NUMBER
Classification number 947.084
Edition number 22
Author mark and year LOS 2009
100 1# - MAIN ENTRY--PERSONAL NAME
Personal name Lovell, Stephen,
Dates associated with a name 1972-
9 (RLIN) 42667
245 14 - TITLE STATEMENT
Title The Soviet Union :
Remainder of title a very short introduction /
Statement of responsibility, etc. Stephen Lovell.
260 ## - PUBLICATION, DISTRIBUTION, ETC. (IMPRINT)
Place of publication, distribution, etc. Oxford ;
-- New York :
Name of publisher, distributor, etc. Oxford University Press,
Date of publication, distribution, etc. c2009.
300 ## - PHYSICAL DESCRIPTION
Pagination xii, 151 p. :
Illustrations ill., maps ;
Size 18 cm.
490 0# - SERIES STATEMENT
Series statement Very short introductions ;
Volume/sequential designation 207
504 ## - BIBLIOGRAPHY, ETC. NOTE
Bibliography, etc Includes bibliographical references (p. 143-145) and index.
505 0# - FORMATTED CONTENTS NOTE
Formatted contents note Introduction : questions and approaches -- Future and past -- Coercion and participation -- Poverty and wealth -- Elite and masses -- Patriotism and multinationalism -- West and East -- Conclusion.
651 #0 - SUBJECT ADDED ENTRY--GEOGRAPHIC NAME
Geographic name Soviet Union
General subdivision History.
9 (RLIN) 42668
Geographic name Soviet Union
General subdivision Politics and government.
9 (RLIN) 42669
Geographic name Soviet Union
General subdivision Social conditions.
9 (RLIN) 24645
856 42 - ELECTRONIC LOCATION AND ACCESS
Materials specified Contributor biographical information
Uniform Resource Identifier <a href="http://www.loc.gov/catdir/enhancements/fy1001/2009281846-b.html">http://www.loc.gov/catdir/enhancements/fy1001/2009281846-b.html</a>
Materials specified Publisher description
Uniform Resource Identifier <a href="http://www.loc.gov/catdir/enhancements/fy1001/2009281846-d.html">http://www.loc.gov/catdir/enhancements/fy1001/2009281846-d.html</a>
942 ## - ADDED ENTRY ELEMENTS (KOHA)
Source of classification or shelving scheme Dewey Decimal Classification
Koha item type Books
Holdings
Lost status Source of classification or shelving scheme Damaged status Not for loan Collection code Permanent Location Current Location Shelving location Date acquired Source of acquisition Cost, normal purchase price Total Checkouts Full call number Date last seen Copy number Koha item type
  Dewey Decimal Classification   Not For Loan Non-fiction Central Library, University of Rajshahi Central Library, University of Rajshahi Reading Room 07/09/2013 Dhaka Associated Business cor. 300.00   947.084 LOS 2009 01/02/2014 C-1 Books